Loading...

Poverty reduction and the world bank : progress and challenges in the 1990s

Bibliographic Details
Main Author: World bank
Format: Printed Book
Language:Undetermined
English
Published: Washington World Bank 1997
LEADER 00589nam a2200169Ia 4500
008 140306s9999 xx 000 0 und d
020 |a 0 8213 3293 7 
041 |a eng 
082 |a 332 .15 WB  |b WOR/PO 
100 |a World bank 
245 |a Poverty reduction and the world bank : progress and challenges in the 1990s 
260 |a Washington  |b World Bank  |c  1997 
300 |a 140 
365 |b U.S.D.7.95 
942 |2 ddc  |c BK 
999 |c 180990  |d 180990 
952 |0 0  |1 0  |2 ddc  |4 0  |6 332_000000000000000__15_WB_WOR_PO  |7 0  |9 186505  |a KAUCBV  |b KAUCBV  |d 2004-09-02  |g 0.00  |o 332 .15 WB WOR/PO  |r 2014-03-22  |w 2014-03-22  |y BK